| 000 | 02557nam0a2200421 4500 | ||
|---|---|---|---|
| 001 | RU\NLR\BIBL_A\021972276 | ||
| 005 | 20231011171302.0 | ||
| 010 |
_a978-5-9948-4601-8 _930 |
||
| 021 |
_aRU _bКН-П-23-031498 _9КН-П-23-3122 |
||
| 035 | _a(NLR Aleph) 021972276 | ||
| 035 | _a(RuMoRGB)011794819 | ||
| 090 |
_a12366480 _c12366480 |
||
| 100 | _a20230703d2023 u y0rusy50 ca | ||
| 101 | 0 | _arus | |
| 102 | _aRU | ||
| 105 | _ay|||j|||000zy | ||
| 181 | 0 |
_ai _baxxe |
|
| 182 | 0 | _an | |
| 200 | 1 |
_aФилософские проблемы информационного общества и развития искусственного интеллекта _eучебно-методическое пособие _fН. И. Федонюк, Д. Б. Панов, Д. С. Зыков, К. В. Егоров _gМинистерство науки и высшего образования Российской Федерации, Волгоградский государственный технический университет |
|
| 203 |
_aТекст _bвизуальный _cнепосредственный |
||
| 210 |
_aВолгоград _cВолгГТУ _d2023 |
||
| 215 |
_a129, [1] с. _d20 |
||
| 320 | _aБиблиогр. в конце кн. (22 назв.) | ||
| 606 | 1 |
_aИнформационное общество _jУчебно-методические пособия для высших учебных заведений _xСоциально-философские вопросы _92508535 _3RU\NLR\AUTH\661487287 |
|
| 606 | 1 |
_aИскусственный интеллект _jУчебно-методические пособия для высших учебных заведений _xФилософские вопросы _92143210 _3RU\NLR\AUTH\661291508 |
|
| 610 | 0 | _aинформационное общество | |
| 610 | 0 | _aискусственный интеллект | |
| 686 | 1 | _aС550.1я73 | |
| 686 | 1 | _aС508.0я73 | |
| 686 | 1 |
_aЮ252 _bЗ813я73 |
|
| 700 | 1 |
_aФедонюк _bН. И. _cканд. экон. наук _f1976- _gНаталья Игоревна _9161244 _3RU\NLR\AUTH\770161286 |
|
| 701 | 1 |
_aПанов _bД. Б. _gДмитрий Борисович |
|
| 701 | 1 |
_aЗыков _bД. С. _gДмитрий Станиславович |
|
| 701 | 1 |
_aЕгоров _bК. В. _cпреподаватель, информ. технологии _gКонстантин Викторович _9259315 _3RU\NLR\AUTH\770259371 |
|
| 942 | _cBOOK | ||
| 980 | _aNB | ||